00877 a2200217 450000500170000002000180001705000200003510000720005524501070012725000110023426400510024530000370029633600260033333700280035933800270038770000260041470000350044094200330047595201340050899900170064220250613163657.0 a978184445374000aRT 41bWIL 2008 aContexts of Contemporary Nursing /dWilliamson.Dr Graham R.eauthor00aContexts of Contemporary Nursing /cDr .Graham R. Williamson, Tim Jenkinson and Tracey Proctor Childs. asecond 1aSt. Louis, Missouri :bLearning Matters,c2008 a206 pagesbcolor illustrations ; atextbtxt2rdacontent aunmediatedbn2rdamedia avolumebnc2rdacarrier1 aJenkinson,Timcauthor1 aChilds Tracey, Proctoreauthor 2lcccBKesecondh41iWILkRT 001040708NFICaMLbMLcGENd2025-06-13eDonation-Book Aidl0oRT 41 WIL 2008p033949r2025-06-13 16:37:40tC.1w2025-06-13yBK c11562d11562